Del ideal en el arte : estudios de estética /

Guardado en:
Autor Principal: Taine, Hipolito
Formato: Libro
Publicado: España : Ed. América, 0
Materias:
Etiquetas: Agregar Etiqueta
Sin Etiquetas, Sea el primero en etiquetar este registro!
LEADER 00488nam a22001815a 4500
001 CEM.cems006175
005 20060214000000.0
008 130507b######################000#0#####d
003 CEMS
082 0 4 |a 701 
100 1 |a Taine, Hipolito 
245 1 0 |a Del ideal en el arte :  |b estudios de estética / 
260 |a España :  |b Ed. América, 0 
300 |a 188 p. 
653 |a Arte 
653 |a Estetica 
653 |a Ideal en el arte 
859 |a CEMS  |b BIB. CEMS - 11 de abril  |h 701  |i T137  |p 8599.80  |t Ej.1